00481 2200181 4500001002100000005001500021035002000036245005200056100002100108300001400129700002100143260003700164082001100201084001800212020002200230600002100252990002600273INLIS00000000000021720251021113224 a0010-10250000351 aMENGHALALKAN ZINA = MURTAD? /cDr. Muh Nursalim0 aDr. Muh Nursalim a392 ;c200 aDr. Muh Nursalim aYogyakarta :bLebah Media,c2020 a297.27 a297.27 Muh. m a978-623-92036-2-7 4aDr. Muh Nursalim a2020/SMKMIRI/2436/001